Novyje metody spektroskopii
Na minha lista:
| Formato: | Livro |
|---|---|
| Idioma: | russo |
| Publicado em: |
Novosibirsk :
Nauka,
1982
|
| Tags: |
Sem tags, seja o primeiro a adicionar uma tag!
|
MARC
| LEADER | 00000nam a22000003a 4500 | ||
|---|---|---|---|
| 001 | stu140615 | ||
| 005 | 20141122173537.6 | ||
| 008 | 070430s1982----xxr-----------------rus-d | ||
| 040 | |a STU |b slo | ||
| 041 | 0 | |a rus | |
| 044 | |a xxr | ||
| 080 | |a 543.42 |7 A000003321 | ||
| 080 | |a 681.785.5 |7 stu_us_auth*stu17520 | ||
| 245 | |a Novyje metody spektroskopii | ||
| 260 | |a Novosibirsk : |b Nauka, |c 1982 | ||
| 300 | |a 220 s | ||
| 996 | |b E50879 |c E*50879 |l EE10 |s P |a 0 |w stu140615_0003 | ||